MARC details
| 000 -CABECERA |
| campo de control de longitud fija |
03530nam a2200457Ia 4500 |
| 001 - NÚMERO DE CONTROL |
| campo de control |
dia_724 |
| 003 - IDENTIFICADOR DEL NÚMERO DE CONTROL |
| campo de control |
CHAP |
| 005 - FECHA Y HORA DE LA ÚLTIMA TRANSACCIÓN |
| campo de control |
20250826131537.0 |
| 007 - CAMPO FIJO DE DESCRIPCIÓN FÍSICA--INFORMACIÓN GENERAL |
| campo de control de longitud fija |
ta |
| 008 - DATOS DE LONGITUD FIJA--INFORMACIÓN GENERAL |
| campo de control de longitud fija |
220117s1998 mx ad frm 001 0 spa d |
| 010 ## - NÚMERO DE CONTROL DE LA BIBLIOTECA DEL CONGRESO |
| Número de control de LC |
171273 |
| 040 ## - FUENTE DE LA CATALOGACIÓN |
| Centro/agencia transcriptor |
CHAP |
| Centro catalogador/agencia de origen |
mxchpua |
| Normas de descripción |
rda |
| 041 0# - CÓDIGO DE LENGUA |
| Código de lengua del texto/banda sonora o título independiente |
spa |
| Código de lengua del sumario o resumen |
eng |
| 090 ## - LOCALMENTE ASIGNADO TIPO-LC NÚMERO DE CLASIFICACIÓN (OCLC); NÚMERO DE CLASIFICACIÓN LOCAL (RLIN) |
| Número de clasificación (OCLC) (R) ; Numero de clasificación, CALL (RLIN) (NR) |
Tesis |
| Número cutter local (OCLC) ; Número de libro/Signatura topográfica íntegra, CALL (RLIN) |
P476 |
| año |
1998 |
| 100 1# - ENTRADA PRINCIPAL--NOMBRE DE PERSONA |
| Nombre de persona |
Pérez Romero, José Ricardo |
| 240 13 - TÍTULO UNIFORME |
| Título uniforme |
Computation program for calculating the pressure losses in pipe systems in series. |
| Lenguaje de la obra |
Español |
| 245 10 - MENCIÓN DE TÍTULO |
| Título |
Programas de cómputo para calcular pérdidas de carga en sistemas en serie de tuberías / |
| Mención de responsabilidad, etc. |
José Ricardo Pérez Romero |
| 264 ## - PRODUCCIÓN, PUBLICACIÓN, DISTRIBUCIÓN, FABRICACIÓN Y COPYRIGHT |
| Producción, publicación, distribución, fabricación y copyright |
Chapingo, México : |
| Nombre del de productor, editor, distribuidor, fabricante |
El autor, |
| Fecha de producción, publicación, distribución, fabricación o copyright |
1998 |
| 300 ## - DESCRIPCIÓN FÍSICA |
| Extensión |
xi, 156 hojas : |
| Otras características físicas |
ilustraciones, gráficas, tablas |
| 336 ## - TIPO DE CONTENIDO |
| Fuente |
rdacontent |
| Término de tipo de contenido |
texto |
| Código de tipo de contenido |
txt |
| 337 ## - TIPO DE MEDIO |
| Fuente |
rdamedia |
| Nombre/término del tipo de medio |
no mediado |
| Código del tipo de medio |
n |
| 338 ## - TIPO DE SOPORTE |
| Fuente |
rdacarrier |
| Nombre/término del tipo de soporte |
volumen |
| Código del tipo de soporte |
nc |
| 502 ## - NOTA DE TESIS |
| Nota de tesis |
Tesis |
| Tipo de título |
(Ingeniero Agroindustrial) -- |
| Nombre de la institución que otorga el título |
UACh. Departamento de Ingeniería Agroindustrial, |
| Año de obtención del título |
1998 |
| 504 ## - NOTA DE BIBLIOGRAFÍA, ETC. |
| Nota de bibliografía, etc. |
Bibliografía: hojas 90-92 |
| 520 3# - SUMARIO, ETC. |
| Sumario, etc. |
Este trabajo abarca el tema de pérdidas de presión en sistemas de tubería en serie cuyos cálculos normalmente consumen una parte considerable del proceso de diseño v análisis de sistemas de flujo de fluidos. La solución de problemas de pérd1das de carga en la industria es útil para el diseño y reparación de los sistemas de tuberías, determinando diámetros, materiales, trayectorias y velocidades de flujo, además, es uno de los datos necesarios para la selección ubicación de bombas. Con objeto de hacer con precisión y más ágil tal cálculo fue elaborado un programa de cómputo llamado CALPER 2. este puede utilizarse en actividades didácticas o de investigación. El programa utiliza el Sistema Internacional de Unidades y posee una interfaz de trabajo interactiva con el usuario, característico de los programas Windows 95, esto se logró empleando el lenguaje de programación Borland Delphi versión 3 y la base de datos Paradox versión 7. -- |
| 520 3# - SUMARIO, ETC. |
| Sumario, etc. |
The present work deals with the topic of pressure losses in pipe systems in series whose calculations usually spend a considerable time of the processes of design and analysis of flowing systems of fluids. The solution of pressure-losses probi. ms in the industry is useful for the design and reparation of pipe systems, determining diameters, maternals. trajections, and flow-speeds. Also, this is part of the necessary data for the selection and locat.on of pumps. In order to do such calculation with more accuracy and faster, computation program called CALPER 2 was elaborated. This program can be used in didactic tasks or in research. The program requires the use of the International System of Units and it has an inter-active working interface with the user, which is a characteristic of Windows 95. This was achieved by using the Borland Delphi programming, version 3, and the Paradox data base, version 7. |
| 650 13 - PUNTO DE ACCESO ADICIONAL DE MATERIA--TÉRMINO DE MATERIA |
| Término de materia o nombre geográfico como elemento de entrada |
Ductos |
| Fuente del encabezamiento o término |
atg |
| Subdivisión general |
Presión |
| 650 13 - PUNTO DE ACCESO ADICIONAL DE MATERIA--TÉRMINO DE MATERIA |
| Término de materia o nombre geográfico como elemento de entrada |
Mecánica de fluídos |
| Fuente del encabezamiento o término |
atg |
| Subdivisión general |
Programas de computadores |
| 650 13 - PUNTO DE ACCESO ADICIONAL DE MATERIA--TÉRMINO DE MATERIA |
| Término de materia o nombre geográfico como elemento de entrada |
Pipelines |
| Fuente del encabezamiento o término |
atg |
| Subdivisión general |
Pressure |
| 650 13 - PUNTO DE ACCESO ADICIONAL DE MATERIA--TÉRMINO DE MATERIA |
| Término de materia o nombre geográfico como elemento de entrada |
Fluid mechanics |
| Fuente del encabezamiento o término |
atg |
| Subdivisión general |
Computer software |
| 700 1# - PUNTO DE ACCESO ADICIONAL--NOMBRE DE PERSONA |
| Nombre de persona |
Reyes Vigil, Miguel |
| Término indicativo de función/relación |
director |
| 700 1# - PUNTO DE ACCESO ADICIONAL--NOMBRE DE PERSONA |
| Nombre de persona |
Valle Guadarrama, Salvador |
| Término indicativo de función/relación |
asesor |
| 700 1# - PUNTO DE ACCESO ADICIONAL--NOMBRE DE PERSONA |
| Nombre de persona |
Pérez Barrón, Juan |
| Término indicativo de función/relación |
asesor |
| 901 ## - ELEMENTOS DE DATOS A LOCAL LDA (RLIN) |
| a |
TESIS P476 1998 |
| 942 ## - ELEMENTOS DE PUNTO DE ACCESO ADICIONAL (KOHA) |
| Tipo de ítem Koha |
TESIS |
| Fuente del sistema de clasificación o colocación |
Clasificación Universidad Autónoma Chapingo |
| 902 ## - ELEMENTOS DE DATOS B LOCAL, LDB (RLIN) |
| a |
M |
| 905 ## - ELEMENTOS DE DATOS E LOCAL, LDE (RLIN) |
| a |
0000001998 mx A 0000000000spa00 |